000 00288nam a22001217a 4500
999 _c4488
_d4488
008 250225b ||||| |||| 00| 0 eng d
020 _a9789888155781
082 _a508.2 ROC
100 _aROCA,NURIA
_eAUTHOR
245 _aFALL
260 _aHONG KONG
_bACTIVE MINDS LTD
_c2014
942 _2ddc